000 00321nam a22001457a 4500
008 230414b ||||| |||| 00| 0 eng d
020 _a9780321899880
041 _aeng
080 _2THIRD EDITION
_a37
082 _a37SIM
100 _a23
101 _aEDUKIM
245 _aTHE WRITE STUFF
_cSIMS .M
942 _2udc
_cBK
999 _c59558
_d59558